Ultra-wideband radio technology

Bibliographic Details
Main Authors: Siwiak, Kazimierz (Author), McKeown, Debra (Author)
Format: Book
Language:English
Published: Chichester, England : John Wiley , c2004
Subjects:

MARC

LEADER 00000cam a2200000 7i4500
001 0000007876
005 20070311093000.0
008 061102 enk eng
020 |a 0470859318 
090 0 0 |a TK5103.4   |b .S59 2004 
100 1 |a Siwiak, Kazimierz ,   |e author 
245 1 0 |a Ultra-wideband radio technology   |c Kazimierz Siwiak and Debra McKeown 
260 2 |a Chichester, England :   |b John Wiley ,   |c c2004 
300 |a xviii, 246 p. :   |b ill. ;   |c 25 cm. 
504 |a Includes bibliographical references and index 
650 0 |a Broadband communication systems 
650 0 |a Ultra-wideband devices 
650 0 |a Wireless communication systems 
700 1 |a McKeown, Debra ,   |e author 
999 |a 1000105740   |b Book   |c OPEN SHELF (30 DAYS)   |e Tembila Campus